Fosse Motor Engineers Ltd & Ors v Conde Nast and National Magazine Distributors Ltd & Anor (Record no. 80884)

MARC details
000 -LEADER
fixed length control field 01704cab a22001935a 4500
001 - CONTROL NUMBER
control field L145574
008 - FIXED-LENGTH DATA ELEMENTS--GENERAL INFORMATION
fixed length control field 081023e20080820xxk f v 000 0 eng d
035 ## - SYSTEM CONTROL NUMBER
System control number (Sirsi) u145574
041 0# - LANGUAGE CODE
Language code of text/sound track or separate title eng
245 00 - TITLE STATEMENT
Title Fosse Motor Engineers Ltd & Ors v Conde Nast and National Magazine Distributors Ltd & Anor
Medium [electronic resource]
260 ## - PUBLICATION, DISTRIBUTION, ETC.
Date of publication, distribution, etc. 2008
520 ## - SUMMARY, ETC.
Summary, etc. [2008] EWHC 2037 (TCC), 20 August 2008. Clear evidence is needed to establish that a party is the probable, rather than possible, cause of a fire. A claimant warehouse owner (F) claimed damages in negligence against the first defendant tenant (T) and the second defendant employment agency (P) in relation to a fire that had destroyed its warehouse. T had rented part of the warehouse. P employed four agency workers seconded to work for T at the warehouse. F sought to hold T liable for its losses on the basis that the fire had been started by a cigarette discarded by one of the agency workers. The cause of the fire was not established. Held: judgement for the first defendant. It was for F to prove on the balance of probabilities that the fire was caused by the negligence of the agency workers, which it had not. Even if T's workers had caused the fire, the court held that it would not have been liable because discarding a cigarette was nothing to do with the duties of the workers.
590 ## - LOCAL NOTE (RLIN)
Local note KA
650 24 - SUBJECT ADDED ENTRY--TOPICAL TERM
Topical term or geographic name entry element FOSSE MOTOR ENGINEERS LTD & ORS V CONDE NAST AND NATIONAL MAGAZINE DISTRIBUTORS LTD & ANOR
651 #4 - SUBJECT ADDED ENTRY--GEOGRAPHIC NAME
Geographic name England and Wales
Chronological subdivision 1543-
690 ## - LOCAL SUBJECT ADDED ENTRY--TOPICAL TERM (OCLC, RLIN)
Topical term or geographic name as entry element MANAGEMENT-HEALTH AND SAFETY-FIRE SAFETY
856 40 - ELECTRONIC LOCATION AND ACCESS
Uniform Resource Identifier <a href="https://www.bailii.org/ew/cases/EWHC/TCC/2008/2037.html">https://www.bailii.org/ew/cases/EWHC/TCC/2008/2037.html</a>
Public note View the case free of charge at www.bailii.org...
942 ## - ADDED ENTRY ELEMENTS (KOHA)
Suppress in OPAC 0
Holdings
Withdrawn status Lost status Source of classification or shelving scheme Damaged status Not for loan Home library Current library Shelving location Date acquired Total Checkouts Full call number Barcode Date last seen Copy number Price effective from Koha item type
    Dewey Decimal Classification     Virtual Virtual Online 23/10/2008   ONLINE PUBLICATION 145574-1001 06/08/2019 1 06/08/2019 Law report